000 00537nam a2200229Ia 4500
003 IT-RoPAU
008 120407s9999 xx 000 0 und d
040 _aIT-RoPAU
040 _cIT-RoPAU
041 _aita
100 _aMario Vanti
100 _cp.
245 _aS. Giacomo degli incurabili di Roma nel Cinquecento. Dalle Compagnie del Divino Amore a S. Camillo de Lellis.
250 _aRoma
260 _aPustet
260 _c1938
300 _a147 p.
300 _c24 cm
490 _v1
942 _cBK
999 _c25907
_d25907